| 000 | 01026nam a22002537a 4500 | ||
|---|---|---|---|
| 999 |
_c63646 _d63646 |
||
| 005 | 20240530110652.0 | ||
| 008 | 171214s2008 ua fb f b 011 0 ara d | ||
| 017 |
_a2008/23969 _bمصر . دار الكتب المصرية |
||
| 020 | _a9789774206365 | ||
| 040 | _aEG-CaGPL | ||
| 082 | 0 | 4 |
_221 _a709.02/ _bهـ ف |
| 110 | 1 | _aالهيئة المصرية العامة للكتاب . | |
| 245 | 1 | 2 |
_aالفن القبطي في مصر : _b2000 عام من المسيحية / _cالهيئة المصرية العامة للكتاب . |
| 250 | _aط. 1 | ||
| 260 |
_aالقاهرة : _bالهيئة المصرية العامة للكتاب ، _c2008 . |
||
| 300 |
_a255 ص : _bايض ، خرائط ؛ _c30سم . |
||
| 504 | _aببليوجرافية : ص249 - 253 | ||
| 650 | 0 | 4 |
_2qrmak _aالفن المسيحي |
| 650 |
_2qrmak _aالاثار المسيحية |
||
| 650 |
_2qrmak _aالحضارة المسيحية |
||
| 653 | 0 | 4 | _aالفن القبطي |
| 942 |
_2ddc _cBK |
||